[Event "Quebec-ch U20"]
[Site "Montreal"]
[Date "1994.02.24"]
[Round "1"]
[White "Soudre, Nicolas"]
[Black "Lacombe, Simon"]
[Result "1-0"]
[WhiteElo "1944"]
[BlackElo "1909"]
[PlyCount "83"]
[EventDate "1994.02.24"]
[EventType "tourn"]
[EventRounds "7"]
[EventCountry "CAN"]
[SourceTitle "EXT 2022"]
[Source "ChessBase"]
[SourceDate "2021.10.06"]
[SourceVersion "1"]
[SourceVersionDate "2021.10.06"]
[SourceQuality "1"]

1. e4 e5 2. Nf3 Nc6 3. Bb5 a6 4. Ba4 Nf6 5. 0-0 Be7 6. Re1 b5 7. Bb3 0-0 8. c3 d5 9. exd5 Nxd5 10. Nxe5 Nxe5 11. Rxe5 c6 12. d4 Bd6 13. Re1 Qh4 14. g3 Qh3 15. Qd3 Bg4 16. Qf1 Qh5 17. Be3 Rae8 18. Nd2 Kh8 19. a4 f5 20. Bxd5 cxd5 21. f4 Re6 22. axb5 axb5 23. Qg2 Rh6 24. Ra5 Rb8 25. Ra7 Bf8 26. Rd7 Ra6 27. Qxd5 Re8 28. Rd8 Bh3 29. Rxe8 Qxe8 30. Bf2 Qb8 31. Qf3 Rg6 32. Ra1 Qd6 33. c4 bxc4 34. Nxc4 Qb4 35. b3 Qe7 36. Ne5 Re6 37. Qa8 h6 38. d5 Rd6 39. Bc5 Qc7 40. Qxf8+ Kh7 41. Qxd6 Qb7 42. Qg6+ 1-0